00477nam a2200181Ia 4500003000400000005001700004008004100021020002200062040000700084041000800091082002300099100002400122245005600146260004500202300001400247365001400261650002000275OSt20230412111436.0210423s2017 xx 000 0 und d a978-93-5053-533-2 cAL aeng a539.752 223bPATI aPATHAK (Vaishali A) aIntroduction to radioactivity and radioactive decay aNew DelhibCyber Tech Publicationsc2017 av,208bHB b1500cINR aNuclear Physics